000
00297nam a2200109Ia 4500
008
220216s9999 xx 000 0 und d
245
0
_a
Rubber estate organization: restructures business
260
_b
Rubber International Magazine
_c
1999
300
_a
93-96
650
_a
Rubber estate
942
_c
JS
999
_c
67577
_d
67577